000
00222nam a22000857a 4500
008
170113b xxu||||| |||| 00| 0 eng d
100
_9
2392
_a
Sharma.N.K.etal.
245
_a
Science Practical-IX
260
_a
New Delhi
_b
Amanda
_c
2010
999
_c
5403
_d
5403